000 00842 a2200265 4500
999 _c4250
_d4250
010 _aENG-86199
020 _a0070656142
_c450.00
020 _a9780070656147
_c450.00
035 _aEN-69732
035 _aB-211507
037 _bDBAD/ PUB
037 _bRP-L-450 / UBH-07-08:6 / RP-07-08:ENG
082 1 4 _a658.15
100 1 _aKahn, M. Y.
245 1 _aFinancial management :
_cby M.Y. Khan and P.K. Jain
_btext, problems and cases /
250 _a5th ed
260 _aNew Delhi
_bTata McGraw-Hill Publishing
_cc2007
270 _a7, West Patel Nagar
_bNew Delhi
_e110008
300 _avarious pagings
_c24 cm. (Pbk)
490 _aCA examination series
500 _aIncludes bibliographical references and index
650 0 _aFinancial management
700 _aJain, P. K.
942 _adpl
_cEN
_2ddc
_h658.15
_mKHA